Normal view
MARC view
- BERGERUD, M,GONGALEZ, J
Entry Personal Name
001 - CONTROL NUMBER
- control field: 74952
003 - CONTROL NUMBER IDENTIFIER
- control field: NUST
005 - DATE AND TIME OF LATEST TRANSACTION
- control field: 20210628205326.0
008 - FIXED-LENGTH DATA ELEMENTS
- fixed length control field: 210628|| aca||aabn | a|a d
040 ## - CATALOGING SOURCE
- Original cataloging agency: NUST
- Transcribing agency: NUST
100 ## - HEADING--PERSONAL NAME
- Personal name: BERGERUD, M,GONGALEZ, J
670 ## - SOURCE DATA FOUND
- Source citation: Work cat.: (NUST): BERGERUD, M,GONGALEZ, J, WORD INFORMATION PROCESSING CONCEPTS CAMERS TECHNOLOGY AND APPLICATIONS, 1981
